Sepak Takraw

Bibliographic Details
Format: Book
Published: Kuala Lumpur : Penerbitan Fargoes , 1993
Subjects:

MARC

LEADER 00000cam a2200000 7i4500
001 0000003124
005 20021127.0
020 |a 9679272680 
040 |a INS 
090 0 0 |a GV1017.T34   |b A46 1993 
245 0 0 |a Sepak Takraw   |c disusun oleh M. Yusoff 
260 |a Kuala Lumpur :   |b Penerbitan Fargoes ,   |c 1993 
300 |a 62 ms. ;   |c 17 cm. 
500 |a (Siri sukan) 
650 0 0 |a Sepak Takraw 
999 |a 0000005427   |b BOOK   |c Open Shelf   |e Default branch